Albums par cover - rap français #4 - Statistiques

Statistiques générales
  • Ce quiz a été pris 873 fois
  • Le résultat moyen est 8 sur 20
Statistiques - réponses
Par images Réponse % Correct
Commando
85%
Le monde chico
83%
Les derniers salopards
75%
Rooftop
71%
Comme prévu
65%
Ouest Side
62%
Double Fuck
53%
Ocho
48%
Rien100Rien
48%
MVP
45%
Stratos
29%
Héra
28%
La fierté des nôtres
28%
Johnny de Janeiro
24%
Il me ressemble pas nonplus
15%
Mafana
14%
Where is l'album de Gradur ?
14%
Dans l'arène
13%
Miraculé
12%
Né pour mourir
11%
Aucun quiz correspondant
Distribution des résultats
% des personnes avec chaque résultat
Percentile par nombre de réponses
Votre historique - résultats
Vous n’avez pas pris ce quiz